| 000 | 01728cam a22004214i 4500 | ||
|---|---|---|---|
| 003 | PE-LiUPU | ||
| 005 | 20250731175643.0 | ||
| 008 | 150616s r 000 0 d | ||
| 035 | _a(Sirsi) a5602 | ||
| 040 |
_aPE-LiUPU _bspa _cPE-LiUPU _erda |
||
| 049 | _aPRUA | ||
| 082 | 0 | 4 |
_a492.415 _bW42 _221 |
| 100 | 1 |
_aWeingreen, J., _eautor. |
|
| 245 | 1 | 2 |
_aA practical grammar for classical hebrew / _cJ. Weingreen. |
| 264 | 1 |
_aOxford : _bOxford University Press, _c1959. |
|
| 300 |
_a316 páginas : _bIlustraciones (cuadros) ; _c22 cm. |
||
| 336 |
_atext _2rdacontent |
||
| 337 |
_aunmediated _2rdamedia |
||
| 338 |
_avolume _2rdacarrier |
||
| 505 | 0 | _aThe hebrew alphabet.-Volew-sings.- Explanation of writing. | |
| 526 | _aP145 | ||
| 526 | _aP127 | ||
| 526 | _aP97 | ||
| 526 | _aP35 | ||
| 526 | _aP14 | ||
| 526 | _aP07 | ||
| 650 | 0 | 4 |
_aHebreo _xGramática. _91848 |
| 910 |
_ajck _bjvq _cjck |
||
| 942 |
_2ddc _cBOOK |
||
| 949 |
_a492.415 W42 _wDEWEY _c1 _i39457 _lCCODEBUL1 _mBUL _p00.00 _r0 _sY _tBOOK _u19950918 _xTEOLOGIA _zUNKNOWN _0COMPRA _o.STAFF. Colección General |
||
| 949 |
_a492.415 W42 _wDEWEY _c2 _i50777 _lCCODEBUL1 _mBUL _p00.00 _r0 _sY _tBOOK _u19950918 _xTEOLOGIA _zUNKNOWN _0COMPRA _o.STAFF. Colección General |
||
| 994 |
_aC0 _bPEPRU |
||
| 596 | _a1 | ||
| 999 |
_a492.415 W42 _wDEWEY _c56649 _i39457 _f2021-11-5 _g5 _lCCODEBUL1 _mBUL _r0 _sY _tBOOK _u2015-6-16 _xBIBLIOTECA _zUNKNOWN _0COMPRA _o.STAFF. Colección General _d56649 |
||
| 999 |
_a492.415 W42 _wDEWEY _c2 _i50777 _d2018-6-7 _f2021-11-5 _g5 _lCCODEBUL1 _mBUL _q1 _r0 _sY _tBOOK _u2015-6-16 _xBIBLIOTECA _zUNKNOWN _0COMPRA _o.STAFF. Colección General |
||
| 980 |
_81 _gALBERTO SANCHEZ Responsable de Automatización |
||